| 000 | 00716cam a2200253 4500 | ||
|---|---|---|---|
| 999 |
_c5215 _d5215 |
||
| 001 | 2757405 | ||
| 003 | GBCCL | ||
| 005 | 20241126110536.0 | ||
| 008 | 700312s1970 caua 000 0 eng | ||
| 010 | _a 79108817 | ||
| 020 | _a0830700072 | ||
| 040 |
_aDLC _cDLC _dDLC |
||
| 050 | 0 | 0 |
_aBS2400 _b.B36 |
| 082 | 0 | 0 |
_a225.95 _bBAR |
| 100 | 1 |
_aBarrett, Ethel. _95685 |
|
| 245 | 1 | 4 | _aThe people who couldn't be stopped. |
| 260 |
_aGlendale, Calif., _bG/L Regal Books _c[1970] |
||
| 300 |
_a138 p. _billus. _c20 cm. |
||
| 350 | _a0.69 | ||
| 490 | 0 | _aA Regal venture book | |
| 630 | 0 | 0 |
_aBible. _pNew Testament _xHistory of Biblical events. _92473 |
| 906 |
_a7 _bcbc _corignew _du _encip _f19 _gy-gencatlg |
||
| 942 |
_2ddc _cBK |
||